Teoría, administración y participación en el estado moderno: Bodino, Arnisaeus, Beza
Guardat en:
| Autor principal: | |
|---|---|
| Format: | Llibre |
| Idioma: | espanyol |
| Publicat: |
Valparaíso
Universitarias de Valparaíso
2008
|
| Matèries: | |
| Etiquetes: |
Afegir etiqueta
Sense etiquetes, Sigues el primer a etiquetar aquest registre!
|
MARC
| LEADER | 00000nam a2200000 a 4500 | ||
|---|---|---|---|
| 001 | UCI6628 | ||
| 003 | CL-VaPUC | ||
| 005 | 20240502163547.0 | ||
| 008 | 080516e20080000CL |||||||||||||||||spa|d | ||
| 999 | |c 330083 |d 330081 | ||
| 020 | |a 9789561704206 | ||
| 040 | |c Pontificia Universidad Católica de Valparaíso | ||
| 082 | 0 | 4 | |a 320.01 |b HUE |2 21 |
| 100 | |a Huesbe Llanos, Marco Antonio |e autor |9 858175 | ||
| 245 | 1 | 0 | |a Teoría, administración y participación en el estado moderno: Bodino, Arnisaeus, Beza |
| 260 | |a Valparaíso |b Universitarias de Valparaíso |c 2008 | ||
| 300 | |a 232 p | ||
| 583 | |a last modification |c 20160913 04:30:38 |k Rodrigo Vera | ||
| 650 | 7 | |a TEORIA POLITICA |2 CL-VaPUC |9 529564 | |
| 650 | 7 | |a FILOSOFIA POLITICA |2 CL-VaPUC |9 529565 | |
| 650 | 0 | |a Ciencia política |9 324218 | |
| 650 | 0 | |a Historia moderna |9 268036 | |
| 650 | 0 | |a Doctrinas políticas |9 255835 | |
| 852 | |a BIBCUR | ||
| 942 | |c BK |2 ddc | ||
| 945 | |d 20080516 00:00:00 |a jtorresc | ||
| 952 | |0 0 |1 0 |4 0 |6 320_010000000000000_HUE_2008 |7 0 |8 A |9 415386 |a BIBHIS |b BIBHIS |d 2019-11-22 |i 4440277 |o 320.01 HUE 2008 |p 4440277 |r 2025-01-20 |w 2019-11-22 |y BK |k HIS | ||
| 952 | |0 0 |1 0 |4 0 |6 320_010000000000000_HUE_2008 |7 0 |8 A |9 415387 |a BIBHIS |b BIBHIS |d 2019-11-22 |i 4440285 |o 320.01 HUE 2008 |p 4440285 |r 2025-01-20 |w 2019-11-22 |y BK |k HIS | ||
| 952 | |0 0 |1 0 |4 0 |6 320_010000000000000_HUE_2008 |7 0 |8 A |9 415388 |a BIBHIS |b BIBHIS |d 2019-11-22 |i 4440293 |o 320.01 HUE 2008 |p 4440293 |r 2025-01-20 |w 2019-11-22 |y BK |k HIS | ||
| 952 | |0 0 |1 0 |4 0 |6 320_010000000000000_HUE_2008 |7 0 |8 A |9 415389 |a BIBHIS |b BIBHIS |d 2019-11-22 |i 4440307 |o 320.01 HUE 2008 |p 4440307 |r 2025-01-20 |w 2019-11-22 |y BK |k HIS | ||
| 952 | |0 0 |1 0 |4 0 |6 320_010000000000000_HUE_2008 |7 0 |8 A |9 415390 |a BIBHIS |b BIBHIS |d 2019-11-22 |i 4440315 |o 320.01 HUE 2008 |p 4440315 |r 2025-01-20 |w 2019-11-22 |y BK |k HIS | ||
| 952 | |0 0 |1 0 |4 0 |6 320_010000000000000_HUE_2008 |7 0 |8 A |9 415391 |a BIBDER |b BIBDER |d 2019-11-22 |i 4470176 |o 320.01 HUE 2008 |p 4470176 |r 2023-01-25 |w 2019-11-22 |y BK |k DER | ||
| 952 | |0 0 |1 0 |4 0 |6 320_010000000000000_HUE_2008 |7 0 |8 A |9 415392 |a BIBHIS |b BIBHIS |d 2019-11-22 |i 4513142 |o 320.01 HUE 2008 |p 4513142 |r 2025-01-20 |w 2019-11-22 |y BK |k HIS | ||
| 952 | |0 0 |1 0 |4 0 |6 320_010000000000000_HUE_2008 |7 0 |8 X |9 415393 |a FDOBUD |b FDOBUD |d 2019-11-22 |i 4513290 |o 320.01 HUE 2008 |p 4513290 |r 2019-11-22 |w 2019-11-22 |y BK_X |k FHP | ||
| 952 | |0 0 |1 0 |4 0 |6 320_010000000000000_HUE_2008 |7 0 |8 A |9 415394 |a BIBCUR |b BIBCUR |d 2019-11-22 |i 4513282 |o 320.01 HUE 2008 |p 4513282 |r 2025-04-22 |w 2019-11-22 |y BK |k PER | ||
| 952 | |0 0 |1 0 |4 0 |6 320_010000000000000_HUE_2008 |7 0 |8 A |9 415395 |a BIBGIM |b BIBGIM |d 2019-11-22 |i 4513266 |o 320.01 HUE 2008 |p 4513266 |r 2025-01-15 |w 2019-11-22 |y BK |k GIM | ||
| 952 | |0 0 |1 0 |4 0 |6 320_010000000000000_HUE_2008 |7 0 |8 A |9 415396 |a BIBGIM |b BIBGIM |d 2019-11-22 |i 4513274 |l 1 |o 320.01 HUE 2008 |p 4513274 |r 2025-01-15 |s 2022-10-04 |w 2019-11-22 |y BK |k GIM | ||
| 952 | |0 0 |1 0 |4 0 |6 320_010000000000000_HUE_2008 |7 0 |8 A |9 415397 |a BIBHIS |b BIBHIS |d 2019-11-22 |i 4513258 |l 1 |o 320.01 HUE 2008 |p 4513258 |r 2025-01-20 |s 2022-12-12 |w 2019-11-22 |y BK |k HIS | ||
| 952 | |0 0 |1 0 |4 0 |6 320_010000000000000_HUE_2008 |7 0 |8 A |9 415398 |a BIBHIS |b BIBHIS |d 2019-11-22 |i 4513150 |o 320.01 HUE 2008 |p 4513150 |r 2025-01-20 |w 2019-11-22 |y BK |k HIS | ||
| 952 | |0 0 |1 0 |4 0 |6 320_010000000000000_HUE_2008 |7 0 |8 A |9 415399 |a BIBHIS |b BIBHIS |d 2019-11-22 |i 4513169 |o 320.01 HUE 2008 |p 4513169 |r 2025-01-20 |w 2019-11-22 |y BK |k HIS | ||
| 952 | |0 0 |1 0 |4 0 |6 320_010000000000000_HUE_2008 |7 0 |8 A |9 415400 |a BIBHIS |b BIBHIS |d 2019-11-22 |i 4513177 |o 320.01 HUE 2008 |p 4513177 |r 2025-01-20 |w 2019-11-22 |y BK |k HIS | ||
| 952 | |0 0 |1 0 |4 0 |6 320_010000000000000_HUE_2008 |7 0 |8 A |9 415401 |a BIBHIS |b BIBHIS |d 2019-11-22 |i 4513185 |o 320.01 HUE 2008 |p 4513185 |r 2025-01-20 |w 2019-11-22 |y BK |k HIS | ||
| 952 | |0 0 |1 0 |4 0 |6 320_010000000000000_HUE_2008 |7 0 |8 A |9 415402 |a BIBHIS |b BIBHIS |d 2019-11-22 |i 4513193 |o 320.01 HUE 2008 |p 4513193 |r 2025-01-20 |w 2019-11-22 |y BK |k HIS | ||
| 952 | |0 0 |1 0 |4 0 |6 320_010000000000000_HUE_2008 |7 0 |8 A |9 415403 |a BIBHIS |b BIBHIS |d 2019-11-22 |i 4513207 |o 320.01 HUE 2008 |p 4513207 |r 2025-01-20 |w 2019-11-22 |y BK |k HIS | ||
| 952 | |0 0 |1 0 |4 0 |6 320_010000000000000_HUE_2008 |7 0 |8 A |9 415404 |a BIBHIS |b BIBHIS |d 2019-11-22 |i 4513215 |o 320.01 HUE 2008 |p 4513215 |r 2025-01-20 |w 2019-11-22 |y BK |k HIS | ||
| 952 | |0 0 |1 0 |4 0 |6 320_010000000000000_HUE_2008 |7 0 |8 A |9 415405 |a BIBHIS |b BIBHIS |d 2019-11-22 |i 4513223 |o 320.01 HUE 2008 |p 4513223 |r 2025-01-20 |w 2019-11-22 |y BK |k HIS | ||
| 952 | |0 0 |1 0 |4 0 |6 320_010000000000000_HUE_2008 |7 0 |8 A |9 415406 |a BIBHIS |b BIBHIS |d 2019-11-22 |i 4513231 |o 320.01 HUE 2008 |p 4513231 |r 2025-01-20 |w 2019-11-22 |y BK |k HIS | ||
| 952 | |0 0 |1 0 |4 0 |6 320_010000000000000_HUE_2008 |7 0 |8 A |9 415407 |a BIBHIS |b BIBHIS |d 2019-11-22 |i 451324K |o 320.01 HUE 2008 |p 451324K |r 2025-01-20 |w 2019-11-22 |y BK |k HIS | ||
| 952 | |0 0 |1 0 |4 0 |6 320_010000000000000_HUE_2008 |7 0 |8 A |9 415408 |a BIBHIS |b BIBHIS |d 2019-11-22 |i 4606663 |o 320.01 HUE 2008 |p 4606663 |r 2025-01-20 |w 2019-11-22 |y BK |k HIS | ||